[Event "Bayerische EM 2019 Allgemeine Gruppe"]
[Site "Rosenheim"]
[Date "2019.08.26"]
[Round "2.8"]
[White "Schmid, Roland"]
[Black "Palmi, Herbert"]
[Result "1-0"]
[WhiteElo "2296"]
[BlackElo "2056"]
[PlyCount "61"]
[EventDate "2019.??.??"]
[WhiteTeam "Post Regensburg"]
[BlackTeam "SC Bayerwald"]

1. Nf3 f5 2. g3 Nf6 3. Bg2 d5 4. O-O e6 5. c4 c6 6. d3 Bd6 7. Nc3 O-O 8. e4 Bc7
9. cxd5 cxd5 10. exf5 exf5 11. Qb3 Kh8 12. Bg5 d4 13. Nb5 Nc6 14. Nxc7 Qxc7 15.
Rac1 Qb6 16. Nd2 Ne5 17. Qa3 Bd7 18. Rfe1 Nc6 19. Nc4 Qb4 20. Ne5 Qxa3 21. bxa3
Nxe5 22. Rxe5 Rab8 23. Rc7 Bc6 24. Rxf5 Bxg2 25. Kxg2 Ng4 26. Rxb7 h6 27. Rxf8+
Rxf8 28. Bf4 g5 29. Rb8 Rxb8 30. Bxb8 a6 31. h3 1-0

[Event "Bayerische EM 2019 Allgemeine Gruppe"]
[Site "Rosenheim"]
[Date "2019.08.26"]
[Round "2.9"]
[White "Wilfert, Andre"]
[Black "Hofstetter, Hans-Joachim"]
[Result "1/2-1/2"]
[WhiteElo "2102"]
[BlackElo "2207"]
[PlyCount "39"]
[EventDate "2019.??.??"]
[WhiteTeam "1.FC Marktleuthen"]
[BlackTeam "SK Bad Neustadt"]

1. Nf3 d6 2. d4 Nf6 3. Nc3 Nbd7 4. e4 e5 5. Bc4 Be7 6. h3 c6 7. a4 O-O 8. O-O
Nxe4 9. Nxe4 d5 10. Nxe5 Nxe5 11. dxe5 dxc4 12. Nd6 Be6 13. Nxb7 Qc7 14. Nd6 f6
15. Qe2 fxe5 16. Nxc4 Bf6 17. Be3 Qf7 18. Nd6 Qg6 19. Qd3 Qh5 20. Bc5 1/2-1/2

[Event "Bayerische EM 2019 Allgemeine Gruppe"]
[Site "Rosenheim"]
[Date "2019.08.26"]
[Round "2.10"]
[White "Monninger, Moritz"]
[Black "Pfadenhauer, Johannes"]
[Result "0-1"]
[WhiteElo "2058"]
[BlackElo "2167"]
[PlyCount "42"]
[EventDate "2019.??.??"]
[WhiteTeam "SK Herzogenaurach"]
[BlackTeam "TSV Bindlach Aktionaer"]

1. d4 Nf6 2. Nc3 d5 3. Bf4 e6 4. e3 Be7 5. Bd3 O-O 6. Nf3 c5 7. dxc5 Bxc5 8.
O-O Nc6 9. e4 d4 10. e5 dxc3 11. exf6 gxf6 12. bxc3 Kh8 13. Nd4 Qd5 14. Nxc6
Rg8 15. g3 Qxc6 16. Qh5 Rg6 17. Bxg6 fxg6 18. Qh3 e5 19. Qh6 exf4 20. Rad1 Bg4
21. Rd3 g5 0-1

[Event "Bayerische EM 2019 Allgemeine Gruppe"]
[Site "Rosenheim"]
[Date "2019.08.26"]
[Round "2.11"]
[White "Liepold, Stefan"]
[Black "Brunner, Tobias"]
[Result "1/2-1/2"]
[WhiteElo "2166"]
[BlackElo "1985"]
[PlyCount "80"]
[EventDate "2019.??.??"]
[WhiteTeam "SC Erlangen"]
[BlackTeam "SC Windischeschenbach"]

1. e4 d5 2. exd5 Qxd5 3. Nc3 Qd6 4. d4 Nf6 5. Nf3 Bg4 6. h3 Bxf3 7. Qxf3 c6 8.
Be3 Nbd7 9. O-O-O e6 10. Kb1 Qb4 11. Bc1 Be7 12. g4 Nd5 13. Ne4 a5 14. c4 N5f6
15. Nxf6+ Bxf6 16. g5 Be7 17. h4 a4 18. h5 a3 19. b3 Rf8 20. Bh3 O-O-O 21. Bd2
Qd6 22. Bf4 Qb4 23. Bd2 Qd6 24. Bf4 Qb4 25. Rhe1 Nb6 26. Bf1 Rxd4 27. Rxd4
Qxe1+ 28. Rd1 Qa5 29. Bd3 Qc3 30. Qe2 Rd8 31. Be5 Qb4 32. g6 hxg6 33. hxg6 f6
34. Ba1 Rd6 35. Rc1 Na4 36. f4 Nc5 37. Bc3 Qb6 38. Bc2 Na6 39. Rd1 Qd8 40. Re1
Qd7 1/2-1/2

[Event "Bayerische EM 2019 Allgemeine Gruppe"]
[Site "Rosenheim"]
[Date "2019.08.26"]
[Round "2.12"]
[White "Zepke, Armin"]
[Black "Braun, Kristin"]
[Result "1/2-1/2"]
[WhiteElo "2122"]
[BlackElo "1923"]
[PlyCount "83"]
[EventDate "2019.??.??"]
[WhiteTeam "SC Bayerwald"]
[BlackTeam "SC JAEKLECHEMIE"]

1. d4 Nf6 2. Bf4 g6 3. e3 Bg7 4. Nf3 d6 5. Be2 O-O 6. O-O b6 7. h3 Bb7 8. Nbd2
c5 9. c3 Nbd7 10. Bh2 a6 11. Qb3 Ra7 12. a4 Qa8 13. Rfe1 Rb8 14. Bc4 Bd5 15. e4
Bxc4 16. Qxc4 Rc8 17. Qe2 Ne8 18. e5 cxd4 19. e6 Ne5 20. exf7+ Nxf7 21. Nxd4 e5
22. N4f3 Qc6 23. Qd1 Nf6 24. Qb3 Nd7 25. Ne4 Nc5 26. Nxc5 bxc5 27. Rad1 c4 28.
Qa2 Rb7 29. Bg3 Rcb8 30. Re2 Bh6 31. Nh2 Rb3 32. Ng4 Bg7 33. Ne3 Qe4 34. f3 Qc6
35. Bf2 Ng5 36. Nd5 Qb7 37. Rdd2 Ne6 38. Be3 a5 39. Kh2 Kh8 40. Qb1 Nc7 41.
Nxc7 Qxc7 42. Qe4 1/2-1/2

[Event "Bayerische EM 2019 Allgemeine Gruppe"]
[Site "Rosenheim"]
[Date "2019.08.26"]
[Round "2.13"]
[White "Greiml, Emmeran"]
[Black "Hanisch, Sebastian"]
[Result "1-0"]
[WhiteElo "1904"]
[BlackElo "2116"]
[PlyCount "121"]
[EventDate "2019.??.??"]
[WhiteTeam "SG Vogtareuth-Prutting"]
[BlackTeam "SC Kempten"]

1. c4 e5 2. h4 d6 3. Nc3 f5 4. d3 Be7 5. g3 c6 6. Bg2 Be6 7. Nf3 Nf6 8. Ng5 Bg8
9. e4 h6 10. exf5 hxg5 11. hxg5 Rxh1+ 12. Bxh1 Nfd7 13. Qh5+ Kf8 14. f6 Bxf6
15. gxf6 Nxf6 16. Qh8 Nbd7 17. Qh4 Qb6 18. g4 Nc5 19. Qg3 Ne6 20. g5 Nh5 21.
Qf3+ Nhf4 22. Bxf4 Nxf4 23. O-O-O Ke7 24. d4 Rf8 25. dxe5 dxe5 26. Qe4 Qc5 27.
b4 Qxb4 28. Qxe5+ Ne6 29. Rd2 Bh7 30. Bd5 Qa3+ 31. Kd1 cxd5 32. cxd5 Qa6 33.
dxe6 Qf1+ 34. Qe1 Qxe1+ 35. Kxe1 Kxe6 36. Ne2 Be4 37. f4 Re8 38. Nd4+ Kf7 39.
Kf2 a6 40. f5 Bd5 41. Nf3 Bc6 42. Rd6 Re4 43. Nd4 Ke7 44. Re6+ Rxe6 45. Nxe6
Bd5 46. Nxg7 Bxa2 47. Ke3 b5 48. Kd4 b4 49. Nh5 Bb1 50. Ke5 b3 51. Nf4 a5 52.
g6 Bxf5 53. Nd5+ Kf8 54. Kxf5 Kg7 55. Nc3 b2 56. Nb1 a4 57. Kg5 Kg8 58. Kf6 a3
59. Nxa3 Kh8 60. g7+ Kg8 61. Nb1 1-0

[Event "Bayerische EM 2019 Allgemeine Gruppe"]
[Site "Rosenheim"]
[Date "2019.08.26"]
[Round "2.14"]
[White "Hess, Max"]
[Black "Bensch, Patrick"]
[Result "1-0"]
[WhiteElo "2343"]
[BlackElo "2197"]
[PlyCount "95"]
[EventDate "2019.??.??"]
[WhiteTeam "SC Garching"]
[BlackTeam "SC Rottal-Inn"]

1. e4 c5 2. Nf3 Nc6 3. Bb5 g6 4. Bxc6 dxc6 5. d3 Bg7 6. h3 Nf6 7. Nc3 Nd7 8.
Be3 e5 9. Qd2 h6 10. O-O Qe7 11. Nh2 Nf8 12. f4 exf4 13. Bxf4 Ne6 14. Bg3 Nd4
15. Rae1 O-O 16. e5 Nf5 17. Bf2 b6 18. Nf3 h5 19. Ne4 h4 20. Qc3 Be6 21. Nf6+
Bxf6 22. exf6 Qd6 23. Nxh4 Nxh4 24. Bxh4 Qd4+ 25. Qxd4 cxd4 26. Bg5 Rfe8 27.
Re4 Rad8 28. Rfe1 Rd5 29. h4 c5 30. g4 Rc8 31. Rf1 Rc6 32. Bh6 b5 33. Rff4 a5
34. b3 a4 35. bxa4 bxa4 36. a3 Rb6 37. Rf1 Rd7 38. Bg7 Rd5 39. Kh2 Rb7 40. Kg3
Rb6 41. Ree1 c4 42. Rb1 Rdb5 43. Rxb5 Rxb5 44. Rf4 c3 45. Rxd4 Rb8 46. Rxa4 Bb3
47. cxb3 Rc8 48. Bh6 1-0

[Event "Bayerische EM 2019 Allgemeine Gruppe"]
[Site "Rosenheim"]
[Date "2019.08.26"]
[Round "3.1"]
[White "Schulz, Lukas"]
[Black "Englert, Fabian"]
[Result "1-0"]
[WhiteElo "2314"]
[BlackElo "2422"]
[PlyCount "25"]
[EventDate "2019.??.??"]
[WhiteTeam "SC Erlangen"]
[BlackTeam "SK Klingenberg"]

1. e4 c6 2. Nc3 d5 3. g3 e5 4. Bg2 Nf6 5. d4 Nxe4 6. dxe5 Nxc3 7. bxc3 Be7 8.
Nf3 O-O 9. O-O f6 10. Bf4 fxe5 11. Nxe5 Bf6 12. Re1 Nd7 13. Bxd5+ 1-0

[Event "Bayerische EM 2019 Allgemeine Gruppe"]
[Site "Rosenheim"]
[Date "2019.08.26"]
[Round "3.2"]
[White "Miller, Eduard"]
[Black "Ciolek, Andreas"]
[Result "1-0"]
[WhiteElo "2401"]
[BlackElo "2314"]
[PlyCount "103"]
[EventDate "2019.??.??"]
[WhiteTeam "SC Erlangen"]
[BlackTeam "Muenchener SC"]

1. c4 Nf6 2. Nc3 g6 3. e4 d6 4. d4 Bg7 5. f4 O-O 6. Nf3 c5 7. d5 e6 8. Be2 exd5
9. cxd5 Nbd7 10. e5 dxe5 11. fxe5 Ng4 12. e6 Nde5 13. Ng5 fxe6 14. Bxg4 Nxg4
15. Qxg4 exd5 16. Qh4 h6 17. Nf3 g5 18. Qg3 d4 19. Ne4 Qe7 20. Nfd2 Rf4 21. Rf1
Rxe4+ 22. Nxe4 Qxe4+ 23. Kf2 Qe5 24. Qxe5 Bxe5 25. Re1 Bf6 26. Bd2 Bd7 27. a4
a5 28. Ra3 Rf8 29. Rf3 Bd8 30. Re5 Bb6 31. h4 Rxf3+ 32. gxf3 gxh4 33. Re7 Bc6
34. Bxh6 c4 35. Rg7+ Kh8 36. Rg4 Kh7 37. Rxh4 Kg6 38. Bd2 Bc7 39. Rh6+ Kg7 40.
Rh5 Kg6 41. Rc5 c3 42. bxc3 Bb6 43. Rg5+ Kf6 44. cxd4 Bxd4+ 45. Ke2 b6 46. Rg4
Bc5 47. Be3 Bb4 48. Bxb6 Bxa4 49. Bd8+ Kf5 50. Rg5+ Kf4 51. Rd5 Bb3 52. Bc7+
1-0

[Event "Bayerische EM 2019 Allgemeine Gruppe"]
[Site "Rosenheim"]
[Date "2019.08.26"]
[Round "3.3"]
[White "Singer, Christoph"]
[Black "Grosshans, Ralf-Michael"]
[Result "1/2-1/2"]
[WhiteElo "2327"]
[BlackElo "2051"]
[PlyCount "127"]
[EventDate "2019.??.??"]
[WhiteTeam "FC Bayern Muenchen"]
[BlackTeam "SC Bamberg"]

1. e4 Nf6 2. e5 Nd5 3. d4 d6 4. Nf3 Bg4 5. Be2 e6 6. O-O Be7 7. h3 Bh5 8. c4
Nb6 9. Nc3 O-O 10. b3 N8d7 11. Bf4 Kh8 12. Qc1 f6 13. exd6 cxd6 14. Re1 e5 15.
Be3 Bf7 16. a4 a5 17. Rd1 Qb8 18. Nb5 Rc8 19. dxe5 dxe5 20. Qb2 Nc5 21. Rac1
Be8 22. Ne1 Bc6 23. Bg4 Rf8 24. Bf5 g6 25. Bb1 Nc8 26. Nc3 b6 27. Nd5 Bd6 28.
Nc2 Ra7 29. Na3 Rd7 30. Nb5 Bxb5 31. axb5 Ne7 32. Nxe7 Rxe7 33. Qd2 Re6 34. Qd5
Rfe8 35. Bc2 Bf8 36. Qf3 e4 37. Qf4 Bd6 38. Qh6 Bf8 39. Qf4 Bd6 40. Qh6 Bf8 41.
Qh4 f5 42. Rd5 Be7 43. Qh6 Bf8 44. Qf4 Qxf4 45. Bxf4 Kg7 46. Rcd1 h6 47. g4
fxg4 48. hxg4 Kf7 49. Kg2 Rf6 50. Be3 Rfe6 51. Rh1 g5 52. Rf5+ Kg8 53. Rd1 Re5
54. Rxe5 Rxe5 55. Rd8 Kf7 56. Rc8 Re6 57. Rc7+ Re7 58. Rc6 Re6 59. f3 exf3+ 60.
Kxf3 Rxc6 61. bxc6 Bd6 62. Bd4 Bc7 63. Be3 Ke7 64. Bxc5+ 1/2-1/2

[Event "Bayerische EM 2019 Allgemeine Gruppe"]
[Site "Rosenheim"]
[Date "2019.08.26"]
[Round "3.4"]
[White "Schmahl, Stephan"]
[Black "Kaunzinger, Albert"]
[Result "1/2-1/2"]
[WhiteElo "2101"]
[BlackElo "2200"]
[PlyCount "46"]
[EventDate "2019.??.??"]
[WhiteTeam "SC Bavaria Regensburg von 1881"]
[BlackTeam "SC Groebenzell"]

1. d4 d5 2. c4 Nc6 3. Nc3 e5 4. cxd5 Nxd4 5. e3 Nf5 6. Nf3 Bd6 7. e4 Nh4 8.
Bb5+ Kf8 9. O-O a6 10. Be2 Nxf3+ 11. Bxf3 Ne7 12. g3 Bh3 13. Bg2 Bxg2 14. Kxg2
Ng6 15. Qh5 h6 16. Be3 Qf6 17. Rac1 Kg8 18. Rc2 Re8 19. h4 Qe7 20. a3 Kh7 21.
Qf5 Kg8 22. Qh5 Kh7 23. Qf5 Kg8 1/2-1/2

[Event "Bayerische EM 2019 Allgemeine Gruppe"]
[Site "Rosenheim"]
[Date "2019.08.26"]
[Round "3.5"]
[White "Kleibel, Uwe"]
[Black "Schmid, Roland"]
[Result "0-1"]
[WhiteElo "2217"]
[BlackElo "2296"]
[PlyCount "84"]
[EventDate "2019.??.??"]
[WhiteTeam "SC Ortenburg"]
[BlackTeam "Post Regensburg"]

1. e4 d6 2. d4 Nf6 3. Nc3 e5 4. Nf3 exd4 5. Nxd4 Be7 6. Be2 O-O 7. Bf4 Re8 8.
Qd2 Nc6 9. O-O-O Nxd4 10. Qxd4 Be6 11. Qe3 Qc8 12. f3 a6 13. g4 b5 14. h4 b4
15. Nd5 Bxd5 16. exd5 Bf8 17. Qf2 c6 18. dxc6 Qxc6 19. Bd3 d5 20. h5 Qa4 21. b3
Qxa2 22. Qd4 Rac8 23. Qb2 Qa5 24. h6 gxh6 25. g5 Nd7 26. gxh6 Rc3 27. Rh5 Qb6
28. Rxd5 Bxh6 29. Bxh6 Qxh6+ 30. Kb1 Nf8 31. Rg1+ Ng6 32. Bxa6 Qe3 33. Rdd1
Qxf3 34. Bc4 Qe3 35. Rdf1 Re7 36. Rd1 Kf8 37. Rh1 Ne5 38. Bb5 Rec7 39. Rhe1 Qf4
40. Qa1 Rxc2 41. Qxe5 Rc1+ 42. Rxc1 Rxc1+ 0-1

[Event "Bayerische EM 2019 Allgemeine Gruppe"]
[Site "Rosenheim"]
[Date "2019.08.26"]
[Round "3.6"]
[White "Pfadenhauer, Johannes"]
[Black "Hess, Max"]
[Result "0-1"]
[WhiteElo "2167"]
[BlackElo "2343"]
[PlyCount "76"]
[EventDate "2019.??.??"]
[WhiteTeam "TSV Bindlach Aktionaer"]
[BlackTeam "SC Garching"]

1. d4 Nf6 2. Nf3 g6 3. g3 Bg7 4. Bg2 O-O 5. O-O d6 6. a4 a5 7. Nc3 Nc6 8. e4
Bg4 9. Re1 Nd7 10. Nb5 e5 11. Be3 f5 12. dxe5 Ncxe5 13. Qd5+ Kh8 14. Nxe5 Nxe5
15. Qxb7 Rf7 16. Bg5 Qf8 17. f4 c6 18. Qb6 Rb8 19. Qf2 Nc4 20. Nd4 fxe4 21.
Rxe4 d5 22. Ne6 Qd6 23. Rxc4 Bxe6 24. Rd1 h6 25. Qc5 Qxc5+ 26. Rxc5 Bg4 27. Rd2
hxg5 28. Rxc6 Rxb2 29. Bxd5 Rf6 30. fxg5 Rxc6 31. Bxc6 Bf5 32. Rd8+ Kh7 33. Bd5
Bd4+ 34. Kf1 Bb6 35. Rb8 Bxc2 36. Rb7+ Kh8 37. Bc6 Bd3+ 38. Ke1 Bf2+ 0-1

[Event "Bayerische EM 2019 Allgemeine Gruppe"]
[Site "Rosenheim"]
[Date "2019.08.26"]
[Round "3.7"]
[White "Heimrath, Reiner"]
[Black "Salvermoser, Bernd"]
[Result "1-0"]
[WhiteElo "2165"]
[BlackElo "2208"]
[PlyCount "117"]
[EventDate "2019.??.??"]
[WhiteTeam "SC Noris-Tarrasch Nuernberg"]
[BlackTeam "SK Penzberg"]

1. e4 c5 2. Nc3 d6 3. g3 Nc6 4. Bg2 g6 5. h4 h5 6. d3 Rb8 7. Nh3 b5 8. O-O b4
9. Nd5 Bg7 10. Ne3 a5 11. a3 b3 12. c3 Nh6 13. f3 O-O 14. Nf4 Ba6 15. Re1 Bxc3
16. bxc3 b2 17. Bxb2 Rxb2 18. Qc1 Rb8 19. Qd2 Qb6 20. Re2 Kh7 21. Rf2 Rb7 22.
Bf1 e6 23. Kh1 Rfb8 24. Nd1 a4 25. Nh3 e5 26. Be2 Qd8 27. Ng5+ Kg7 28. f4 Na5
29. Qe3 Qc8 30. f5 gxf5 31. exf5 Nxf5 32. Qf3 f6 33. Ne4 Nb3 34. Rb1 Nd2 35.
Nxd2 Rxb1 36. Kh2 R1b7 37. Qxh5 Nh6 38. Ne4 Rf7 39. Nxd6 Qe6 40. Nxf7 Qxf7 41.
Qxf7+ Nxf7 42. Ne3 Nd6 43. Ng4 Ne8 44. Bd1 Bxd3 45. Bxa4 Nd6 46. Nxf6 e4 47.
Nh5+ Kh7 48. Nf4 e3 49. Ra2 Bc4 50. Rg2 Kg7 51. Bc2 Nb5 52. Bd3 Nxa3 53. Re2
Re8 54. Bxc4 Nxc4 55. Kg2 Re5 56. Kf3 Nd2+ 57. Kg4 c4 58. Ng2 Kg6 59. Rxe3 1-0

[Event "Bayerische EM 2019 Allgemeine Gruppe"]
[Site "Rosenheim"]
[Date "2019.08.26"]
[Round "3.8"]
[White "Greiml, Emmeran"]
[Black "Haeussler, Phillip"]
[Result "0-1"]
[WhiteElo "1904"]
[BlackElo "2192"]
[PlyCount "99"]
[EventDate "2019.??.??"]
[WhiteTeam "SG Vogtareuth-Prutting"]
[BlackTeam "SG Pang-Rosenheim"]

1. c4 e6 2. Nc3 b6 3. d4 Bb7 4. e4 Bb4 5. f3 f5 6. e5 c5 7. Bf4 cxd4 8. Qxd4
Nc6 9. Qd2 Nge7 10. Bg3 O-O 11. O-O-O Bxc3 12. bxc3 Nb8 13. h4 Bc6 14. h5 Ba4
15. Re1 Qc7 16. Rh4 Qc5 17. Qd6 Na6 18. Nh3 Qxd6 19. exd6 Nc6 20. Bf2 Nc5 21.
Nf4 Rac8 22. Bxc5 bxc5 23. Nd3 Na5 24. Re5 Nb7 25. Be2 Rc6 26. g4 fxg4 27. Rxg4
h6 28. Nb2 Ra6 29. Nd3 Bc6 30. Nf4 Nxd6 31. Rxc5 Rxa2 32. Nxe6 dxe6 33. Rxc6
Rxe2 34. Rxd6 Rxf3 35. Rg1 Rxc3+ 36. Kd1 Rf2 37. Rd8+ Rf8 38. Rd7 Rf7 39. Rd8+
Kh7 40. Rg4 Rh3 41. Re8 Rxh5 42. Rxe6 Rh2 43. Re2 Rd7+ 44. Ke1 Rxe2+ 45. Kxe2
g5 46. Ke3 Kg6 47. c5 Kf5 48. Re4 Rc7 49. Ra4 Rxc5 50. Rxa7 0-1

[Event "Bayerische EM 2019 Allgemeine Gruppe"]
[Site "Rosenheim"]
[Date "2019.08.26"]
[Round "3.9"]
[White "Schelle, Artur"]
[Black "Beesk, Kevin"]
[Result "1-0"]
[WhiteElo "2176"]
[BlackElo "1969"]
[PlyCount "73"]
[EventDate "2019.??.??"]
[WhiteTeam "SK Tarrasch Muenchen"]
[BlackTeam "SK Neumarkt"]

1. d4 Nf6 2. Nf3 b6 3. Bf4 Bb7 4. e3 c5 5. Nc3 cxd4 6. exd4 e6 7. Bc4 a6 8. O-O
b5 9. Bb3 b4 10. Nb1 Be7 11. a3 a5 12. axb4 axb4 13. Rxa8 Bxa8 14. c4 bxc3 15.
Nxc3 Bxf3 16. Qxf3 d5 17. Ba4+ Nbd7 18. Nb5 O-O 19. Bc7 Qa8 20. b3 Qa6 21. Rc1
Rc8 22. Qd1 Ne8 23. Bf4 Nb6 24. Rxc8 Nxc8 25. Qc1 Ned6 26. Qc7 h6 27. Qd7 Kh7
28. Nxd6 Bxd6 29. Qxf7 Qe2 30. g3 Qe1+ 31. Kg2 Qe4+ 32. Kh3 Qf3 33. Qxe6 Qh5+
34. Kg2 Bxf4 35. Be8 Qg5 36. Qxc8 Bd6 37. Bf7 1-0

[Event "Bayerische EM 2019 Allgemeine Gruppe"]
[Site "Rosenheim"]
[Date "2019.08.26"]
[Round "3.10"]
[White "Hofstetter, Hans-Joachim"]
[Black "Zepke, Armin"]
[Result "1-0"]
[WhiteElo "2207"]
[BlackElo "2122"]
[PlyCount "61"]
[EventDate "2019.??.??"]
[WhiteTeam "SK Bad Neustadt"]
[BlackTeam "SC Bayerwald"]

1. e4 c6 2. Nc3 d5 3. Qf3 d4 4. Bc4 Nf6 5. e5 Bg4 6. Qg3 dxc3 7. exf6 Qd4 8.
dxc3 Qxc4 9. h3 exf6 10. Qxg4 Qxg4 11. hxg4 Nd7 12. Bf4 O-O-O 13. O-O-O Bc5 14.
Bg3 a5 15. Nf3 Nf8 16. Rxd8+ Kxd8 17. g5 f5 18. Ne5 Ke7 19. Rd1 h6 20. gxh6
Rxh6 21. Nc4 b6 22. b4 axb4 23. cxb4 Bxb4 24. Nxb6 Ba3+ 25. Kb1 g5 26. Nc8+ Ke8
27. Bd6 c5 28. c3 Nd7 29. Kc2 Re6 30. Kb3 Kd8 31. Na7 1-0

[Event "Bayerische EM 2019 Allgemeine Gruppe"]
[Site "Rosenheim"]
[Date "2019.08.26"]
[Round "3.11"]
[White "Braun, Kristin"]
[Black "Liepold, Stefan"]
[Result "1/2-1/2"]
[WhiteElo "1923"]
[BlackElo "2166"]
[PlyCount "130"]
[EventDate "2019.??.??"]
[WhiteTeam "SC JAEKLECHEMIE"]
[BlackTeam "SC Erlangen"]

1. e4 e6 2. d4 d5 3. exd5 exd5 4. Nf3 Bg4 5. h3 Bh5 6. Qe2+ Qe7 7. Be3 Nc6 8.
Nc3 O-O-O 9. g4 Bg6 10. O-O-O f6 11. Bg2 Qe8 12. Ne1 Bf7 13. Nd3 Nb4 14. f4
Nxd3+ 15. Qxd3 Bb4 16. Rhe1 Ne7 17. Bd2 Qd7 18. a3 Bxc3 19. Qxc3 h5 20. Qg3
hxg4 21. hxg4 f5 22. Bf3 Nc6 23. Bc3 Bg6 24. Rh1 fxg4 25. Bxg4 Bf5 26. Bxf5
Qxf5 27. Rhg1 Rhf8 28. Qg4 Rd7 29. Qxf5 Rxf5 30. Rg4 Rdf7 31. Rdg1 Rxf4 32.
Rxg7 Rxg7 33. Rxg7 Nxd4 34. Bxd4 Rxd4 35. b3 Re4 36. Kd2 Re6 37. Kd3 b6 38. Rg5
Rd6 39. c4 dxc4+ 40. Kxc4 a5 41. b4 axb4 42. axb4 c6 43. Rg8+ Kc7 44. Rg7+ Rd7
45. Rg5 Re7 46. Rh5 Re4+ 47. Kc3 Re3+ 48. Kc2 b5 49. Rh6 Kd7 50. Rg6 Re6 51.
Rg7+ Kd6 52. Kd3 Rh6 53. Rg4 Rh5 54. Kd4 Rd5+ 55. Ke4 Rd1 56. Rg6+ Kc7 57. Rg4
c5 58. Rg5 Rd4+ 59. Ke3 Rxb4 60. Rxc5+ Kb6 61. Rc8 Rb2 62. Kd3 b4 63. Rb8+ Kc5
64. Rb7 Rh2 65. Rb8 Rg2 1/2-1/2

[Event "Bayerische EM 2019 Allgemeine Gruppe"]
[Site "Rosenheim"]
[Date "2019.08.26"]
[Round "3.12"]
[White "Brunner, Tobias"]
[Black "Hanisch, Sebastian"]
[Result "0-1"]
[WhiteElo "1985"]
[BlackElo "2116"]
[PlyCount "114"]
[EventDate "2019.??.??"]
[WhiteTeam "SC Windischeschenbach"]
[BlackTeam "SC Kempten"]

1. e4 c5 2. Nc3 g6 3. f4 Bg7 4. Nf3 Nc6 5. Bc4 e6 6. d3 Nge7 7. O-O O-O 8. a3
a6 9. Ba2 d6 10. Ne2 b5 11. c3 Bb7 12. Ng3 a5 13. Ng5 h6 14. Nh3 Kh7 15. f5
exf5 16. exf5 Bf6 17. Qd2 g5 18. Qe2 Ng8 19. Qh5 Ne5 20. Ne4 Bxe4 21. dxe4 c4
22. Bb1 Kg7 23. Nf2 Ne7 24. Be3 N7c6 25. h4 Rh8 26. Ng4 Nxg4 27. Qxg4 Ne5 28.
Qg3 Rh7 29. Bc2 Kh8 30. hxg5 hxg5 31. Rad1 Qe7 32. Kf2 g4 33. Ke2 Rg8 34. Rh1
Bh4 35. Qf4 f6 36. g3 Bg5 37. Qf2 Bxe3 38. Qxe3 Rgg7 39. Qb6 Rxh1 40. Rxh1+ Rh7
41. Rxh7+ Qxh7 42. Qd8+ Kg7 43. Qc7+ Nf7 44. Qb6 Qh1 45. Qxb5 Qg2+ 46. Kd1 Ne5
47. Kc1 Qxg3 48. Qb7+ Kh6 49. Kb1 Qe1+ 50. Ka2 g3 51. Qe7 Kg5 52. Qg7+ Kf4 53.
Qxf6 g2 54. Qh6+ Kf3 55. Qh3+ Qg3 56. Bd1+ Kf2 57. Qh6 Qe3 0-1

[Event "Bayerische EM 2019 Allgemeine Gruppe"]
[Site "Rosenheim"]
[Date "2019.08.26"]
[Round "3.13"]
[White "Palmi, Herbert"]
[Black "Monninger, Moritz"]
[Result "1/2-1/2"]
[WhiteElo "2056"]
[BlackElo "2058"]
[PlyCount "91"]
[EventDate "2019.??.??"]
[WhiteTeam "SC Bayerwald"]
[BlackTeam "SK Herzogenaurach"]

1. e4 e6 2. b3 b6 3. c4 Bb7 4. Nc3 c5 5. Nf3 Nc6 6. Bb2 Nd4 7. d3 a6 8. g3
Nxf3+ 9. Qxf3 f5 10. Bg2 Nf6 11. O-O Be7 12. Qe2 fxe4 13. dxe4 O-O 14. e5 Bxg2
15. exf6 Bxf1 16. fxe7 Bxe2 17. exd8=Q Raxd8 18. Nxe2 d5 19. Be5 b5 20. cxb5
axb5 21. Rc1 d4 22. Rxc5 d3 23. Nc3 b4 24. Nd1 Rf7 25. Kf1 Ra7 26. Rc4 Rxa2 27.
Rxb4 Rd2 28. Ne3 Ra8 29. Bc3 Rc2 30. Nxc2 dxc2 31. Bd2 Ra1+ 32. Ke2 c1=Q 33.
Bxc1 Rxc1 34. Kd2 Rf1 35. Rf4 g5 36. Rf3 g4 37. Rf4 h5 38. Kc2 Kg7 39. b4 e5
40. Rf5 Kg6 41. Rxe5 Rxf2+ 42. Kc3 Rxh2 43. Re3 h4 44. gxh4 Kf5 45. b5 Rxh4 46.
Re8 1/2-1/2

[Event "Bayerische EM 2019 Allgemeine Gruppe"]
[Site "Rosenheim"]
[Date "2019.08.26"]
[Round "3.14"]
[White "Bensch, Patrick"]
[Black "Wilfert, Andre"]
[Result "1-0"]
[WhiteElo "2197"]
[BlackElo "2102"]
[PlyCount "41"]
[EventDate "2019.??.??"]
[WhiteTeam "SC Rottal-Inn"]
[BlackTeam "1.FC Marktleuthen"]

1. e4 c5 2. Nf3 e6 3. d4 cxd4 4. Nxd4 a6 5. Bd3 Qc7 6. O-O Nc6 7. Nxc6 dxc6 8.
Nd2 e5 9. a4 Nf6 10. Nc4 Bc5 11. Qf3 b5 12. Ne3 Bxe3 13. Bxe3 O-O 14. Bg5 Qe7
15. axb5 cxb5 16. Bxb5 Rb8 17. Bxa6 Rxb2 18. Bxc8 Rxc8 19. Ra6 h6 20. Bxf6 gxf6
21. Qg4+ 1-0

[Event "Bayerische EM 2019 Allgemeine Gruppe"]
[Site "Rosenheim"]
[Date "2019.08.27"]
[Round "4.1"]
[White "Schulz, Lukas"]
[Black "Miller, Eduard"]
[Result "1/2-1/2"]
[WhiteElo "2314"]
[BlackElo "2401"]
[PlyCount "61"]
[EventDate "2019.??.??"]
[WhiteTeam "SC Erlangen"]
[BlackTeam "SC Erlangen"]

1. e4 e5 2. f4 d5 3. exd5 exf4 4. Nf3 Nf6 5. Bb5+ c6 6. dxc6 Nxc6 7. d4 Bd6 8.
O-O O-O 9. c3 Bg4 10. Nbd2 Re8 11. Bd3 h6 12. Re1 Qd7 13. Ne4 Nxe4 14. Bxe4 Bf5
15. Qd3 Rxe4 16. Rxe4 Bxe4 17. Qxe4 Re8 18. Qd3 g5 19. Bd2 Bc7 20. Re1 Rxe1+
21. Nxe1 Bb6 22. h3 Qd5 23. b3 Kg7 24. Nf3 Ne5 25. Qe2 Nxf3+ 26. Qxf3 Qf5 27.
Be1 Qb1 28. Qe2 f5 29. Qe7+ Kg6 30. Qe6+ Kg7 31. Qe7+ 1/2-1/2

[Event "Bayerische EM 2019 Allgemeine Gruppe"]
[Site "Rosenheim"]
[Date "2019.08.27"]
[Round "4.2"]
[White "Englert, Fabian"]
[Black "Kaunzinger, Albert"]
[Result "1/2-1/2"]
[WhiteElo "2422"]
[BlackElo "2200"]
[PlyCount "76"]
[EventDate "2019.??.??"]
[WhiteTeam "SK Klingenberg"]
[BlackTeam "SC Groebenzell"]

1. Nf3 d5 2. g3 c6 3. Bg2 Bf5 4. O-O e6 5. d3 Be7 6. Nbd2 Nf6 7. b3 a5 8. Bb2
h6 9. e4 Bh7 10. e5 Nfd7 11. Nd4 a4 12. f4 a3 13. Bc1 Qb6 14. N2f3 c5 15. Ne2
Nc6 16. Be3 Nb4 17. Kh1 O-O 18. g4 f6 19. Ng3 fxe5 20. fxe5 Qc7 21. g5 hxg5 22.
Bh3 Nxe5 23. Bxe6+ Kh8 24. Nxg5 Bxg5 25. Bxg5 Rxf1+ 26. Qxf1 Nxc2 27. Nh5 Qc6
28. Qf6 d4+ 29. Kg1 Nf3+ 30. Kf2 Qc7 31. Qxf3 Qxh2+ 32. Kf1 Nxa1 33. Nxg7 Nc2
34. Ne8 Bxd3+ 35. Qxd3 Qh1+ 36. Kf2 Qh2+ 37. Kf1 Qh1+ 38. Kf2 Qh2+ 1/2-1/2

[Event "Bayerische EM 2019 Allgemeine Gruppe"]
[Site "Rosenheim"]
[Date "2019.08.27"]
[Round "4.3"]
[White "Hess, Max"]
[Black "Schelle, Artur"]
[Result "1-0"]
[WhiteElo "2343"]
[BlackElo "2176"]
[PlyCount "95"]
[EventDate "2019.??.??"]
[WhiteTeam "SC Garching"]
[BlackTeam "SK Tarrasch Muenchen"]

1. e4 d5 2. exd5 Qxd5 3. Nc3 Qa5 4. d4 Nf6 5. Nf3 Bf5 6. Bc4 e6 7. Bd2 c6 8.
Nd5 Qd8 9. Nxf6+ gxf6 10. Bb3 a5 11. c3 Na6 12. Bf4 Bd6 13. Bg3 Nc7 14. O-O Bg6
15. Re1 Bxg3 16. hxg3 Qd6 17. Nd2 O-O 18. Ne4 Qd8 19. Qf3 Kg7 20. a4 b6 21.
Rad1 Re8 22. g4 Rb8 23. c4 Qe7 24. Bc2 Na6 25. Bb1 Nb4 26. Qc3 Rbc8 27. Re3 Nd5
28. cxd5 cxd5 29. Qd2 dxe4 30. Bxe4 Qd7 31. Rde1 Bxe4 32. Rxe4 Qd5 33. Qf4 Red8
34. Qe3 Rc4 35. g5 Qxg5 36. Qd3 Rc1 37. Rxc1 Qxc1+ 38. Kh2 Qh6+ 39. Kg3 f5 40.
Rh4 Qf6 41. Kh3 Kh8 42. Qe3 Rd5 43. Qf4 Kg7 44. Qg3+ Qg6 45. Qc7 h6 46. Qxb6 f4
47. Qc7 Rxd4 48. Qe5+ 1-0